000
00207 a2200097 4500
001
2644
100
_a
Wemyes, D.E.G.
245
_a
Relent less pursuit
260
_a
_b
William kimber
_c
090
_c
1940
_d
1940
942
_a
NUST-CAE
_c
M
_c
10447
999
_c
237717
_d
237717